| 000 | 00407nab a2200145Ia 4500 | ||
|---|---|---|---|
| 003 | ES-SlBCS | ||
| 005 | 20210601143312.0 | ||
| 008 | 140529s2012 xxu||||| |||| 00| 0 spa d | ||
| 041 | _aspa | ||
| 100 | 1 |
_aBai, Nina _9275894 |
|
| 245 | 0 | 0 |
_aAutismo en otra especeie _c Nina Bai |
| 650 | 0 | 4 |
_aBonobo _9284446 |
| 773 | 0 |
_tMente y Cerebro (Investigación Ciencia) _gnº. 55, 2012, págs. 5 _wRev1286 |
|
| 942 | _cAR | ||
| 999 |
_c690236 _d690236 |
||